000 00197nam a2200085Ia 4500
008 170617s9999 xx 000 0 und d
100 _aWatson-David
245 0 _aPharmaceutical Analysis
260 _bElesvir Pub
260 _c2007
999 _c15293
_d15293